000 00606nam a22001457a 4500
003 macl
005 20170929155920.0
008 170929b xxu||||| |||| 00| 0 eng d
040 _cmacl
100 _aकुमार,शीलेन्‍द्र
_969295
245 _aकुमाऊॅं एक समग्र परिचय
260 _aलखनऊ
_bएक्‍टीविस्‍टस आफ वालेन्‍टरी एक्‍शन फार डेवलपमेन्‍ट आफ हयूमेनिटी
_c2011
650 _aयात्रा
_969296
942 _2ddc
_cHIN
999 _c57072
_d57072